Normal view
MARC view
- Shao, Tiancong.
Entry Personal Name
001 - CONTROL NUMBER
- control field: 53619
003 - CONTROL NUMBER IDENTIFIER
- control field: OSt
005 - DATE AND TIME OF LATEST TRANSACTION
- control field: 20240228110315.0
008 - FIXED-LENGTH DATA ELEMENTS
- fixed length control field: 240228|| aca||aabn | a|a d
040 ## - CATALOGING SOURCE
- Original cataloging agency: OSt
- Transcribing agency: OSt
100 ## - HEADING--PERSONAL NAME
- Personal name: Shao, Tiancong.
- Relator term: author.
670 ## - SOURCE DATA FOUND
- Source citation: Work cat.: (OSt): Shao, Tiancong. author., The active gate drive based on negative feedback mechanism for fast switching and crosstalk suppression of SiC devices /, June 2022.
